Statistiques concernant Les jeux Supercell

Cliquez ici pour prendre le quiz!

Statistiques générales

  • Ce quiz a été pris 81 fois
  • Le résultat moyen est 4 sur 6

Statistiques - réponses

HintRéponse% Correct
1Clash of Clans
97%
3Clash Royale
94%
5Brawl Stars
88%
4Boom Beach
72%
2Hay Day
63%
6Squad Busters
13%

Distribution des résultats

Percentile par nombre de réponses

% des personnes avec chaque résultat

Votre développement - résultats

Vous n’avez pas pris ce quiz